| 000 | 01222nam a22003137a 4500 | ||
|---|---|---|---|
| 999 |
_c14691 _d14691 |
||
| 003 | EG-ScBUE | ||
| 005 | 20210124105822.0 | ||
| 008 | 100825s1998 ua f b 000 0 ara d | ||
| 017 | _a1997/14361 | ||
| 020 | _a977015525X | ||
| 040 |
_aEG-ScBUE _bara _erda _cEG-ScBUE _dEG-ScBUE |
||
| 082 | 0 | 4 |
_a892.73009 _bغ ن ي _222 |
| 100 | 1 |
_917695 _aعبد الغني، مصطفى، _d1947- _eمؤلف. |
|
| 245 | 1 | 2 |
_aالاتجاه القومي العربي في الرواية / _cد. مصطفى عبد الغني. |
| 246 | 3 | 4 | _aاتجاه القومي في الرواية العربية |
| 250 | _aالطبعة الثانية. | ||
| 264 | 1 |
_aالقاهرة : _bالهيئة المصرية العامة للكتاب، _c1998. |
|
| 300 |
_a386 صفحة ؛ _c24 سم |
||
| 336 |
_2rdacontent _aنص _btxt |
||
| 337 |
_2rdamedia _aبدون وسيط _bn |
||
| 338 |
_2rdacarrier _aمجلد _bnc |
||
| 504 | _aيشتمل على إرجاعات ببليوجرافية. | ||
| 541 |
_aألف باء ؛ _cشراء ؛ |
||
| 650 | 7 |
_917698 _aالقصص العربية _xتاريخ ونقد _zمصر _yقرن 21. _2BUEsh |
|
| 651 | _2BUEsh | ||
| 653 |
_bARALIT _cJanuary2021 |
||
| 655 |
_vReading book _934232 |
||
| 942 |
_2ddc _cBB |
||